000 00598nam a2200229Ia 4500
003 OSt
005 20221007071810.0
006 a|||||r|||| 00| 0
007 ta
008 221006b |||||||| |||| 00| 0 eng d
024 _a17,019
037 _cTextual
040 _aFLL
_cFLL
_beng
041 _2eng
_aeng
082 _aY112:45, H2
100 _aEast W.N. Au.
_9689449
245 0 _aAdolescent criminal
260 _aLondon
_bJ. and A. churchill ltd. England
_c1942
300 _a327p
_ccm.
942 _hY112:45, H2
_cTEXL
_2CC
999 _c1144358
_d1144358